Tình hình mở rộng EU và Eurozone trong năm 2013 /
Tallennettuna:
| Päätekijä: | |
|---|---|
| Aineistotyyppi: | Artikkeli |
| Kieli: | Vietnamese |
| Aiheet: | |
| Tagit: |
Lisää tagi
Ei tageja, Lisää ensimmäinen tagi!
|
| Thư viện lưu trữ: | Thư viện Trường Đại học Đà Lạt |
|---|
| LEADER | 00787nam a2200277 4500 | ||
|---|---|---|---|
| 001 | DLU140165976 | ||
| 005 | ##20141208 | ||
| 040 | # | # | |a DLU |b vie |
| 041 | # | # | |a vie |
| 044 | # | # | |a vn |
| 100 | # | # | |a Nguyễn Văn Lịch. |
| 245 | # | # | |a Tình hình mở rộng EU và Eurozone trong năm 2013 / |c Nguyễn Văn Lịch.. |
| 653 | # | # | |a Gia nhập |
| 653 | # | # | |a Hiệp định |
| 653 | # | # | |a Liên kết |
| 653 | # | # | |a Mở rộng |
| 773 | # | # | |t Tạp chí Nghiên cứu Châu Âu |g Số2(161), 2014, tr. 26-35 |
| 920 | # | # | |a Phòng Tạp chí -- Trung tâm Thông tin - Thư viện Trường Đại học Đà Lạt |
| 994 | # | # | |a DLU |
| 900 | # | # | |a True |
| 911 | # | # | |a Nguyễn Thị Mai Anh |
| 925 | # | # | |a G |
| 926 | # | # | |a A |
| 927 | # | # | |a BB |
| 980 | # | # | |a Thư viện Trường Đại học Đà Lạt |